000 00216nam a22000857a 4500
999 _c11064
_d11064
008 180813b ||||| |||| 00| 0 eng d
100 _aDickens Huffam
_96842
245 _aOliver Twist
260 _aNew Delhi
_bCampfire
_c2016